logo

Bir Sreshtho Munshi Abdur Rouf Library
Jhenaidah Cadet College

Dark Territory : (Record no. 13677)

MARC details
000 -LEADER
fixed length control field 00647nam a2200217 a 4500
001 - CONTROL NUMBER
JCCL Control Number 13677
003 - CONTROL NUMBER IDENTIFIER
JCCL marc code BD-JhCC
005 - DATE AND TIME OF LATEST TRANSACTION
control field 20240313202842.0
008 - FIXED-LENGTH DATA ELEMENTS--GENERAL INFORMATION
fixed length control field 240313b2016 nyu |||| ||a| 001 0 eng d
020 ## - INTERNATIONAL STANDARD BOOK NUMBER
International Standard Book Number 9781476763255
035 ## - SYSTEM CONTROL NUMBER
system control number (BD-JhCC)13677
040 ## - CATALOGING SOURCE
Original cataloging agency BD-JhCC
Modifying agency BD-JhCC
041 ## - LANGUAGE CODE
Language code of Book english
082 ## - DEWEY DECIMAL CLASSIFICATION NUMBER
Classification number 005.8
Author mark and Year KAP 2016
100 ## - MAIN ENTRY--PERSONAL NAME
Personal name Kaplan, Fred M.
245 ## - TITLE STATEMENT
Title Dark Territory :
Remainder of title The secret history of cyber war /
Statement of responsibility, etc Fred M. Kaplan .
260 ## - PUBLICATION, DISTRIBUTION, ETC. (IMPRINT)
Place of publication, distribution, etc New York:
Name of publisher, distributor, etc Simon & Schuster;
Date of publication, distribution, etc 2016.
300 ## - PHYSICAL DESCRIPTION
Pagination 260 p, :
Other physical details ill;
Dimensions 22 cm
650 ## - SUBJECT ADDED ENTRY--TOPICAL TERM
Topical term or geographic name as entry element 89.58 political violence
General subdivision COMPUTERS Security Viruses
Geographic subdivision Computer crimes
942 ## - ADDED ENTRY ELEMENTS (KOHA)
Source of classification or shelving scheme Dewey Decimal Classification
Koha item type Books
Holdings
Source of classification or shelving scheme Damaged status Not for loan Home library Current library Shelving location Date of accession Cost, normal purchase price Total Checkouts Full call number Barcode Date last seen Date checked out Copy number Method of acquisition Koha item type Currency
Dewey Decimal Classification     JCC Rouf Library JCC Rouf Library General Stacks   350.00 9 005.8 KAP 2016 19109 11/05/2025 10/29/2025 C-1 Purchase Books BDT

JCC Library | Contacts | JCC Home

Last Update on 23 September 2017
Copyright @ 2017-2020 JCC Rouf Library
Rouf Library, Jhenidah Cadet College (JCC), Bangladesh